Sally, When The Wine Runs Out (All Lyrics) - Role Model - Statistics

General Stats
  • This quiz has been taken 49 times
  • The average score is 250 of 300
Answer Stats
Answer % Correct
a
100%
her
100%
I
100%
I,
100%
in
100%
me
100%
my
100%
out
100%
runs
100%
Sally
100%
Sally,
100%
She
100%
she
100%
the
100%
Then
100%
when
100%
wine
100%
7/11
93%
around
93%
at
93%
bar
93%
be
93%
coming
93%
disappear
93%
dive
93%
don't
93%
Don't
93%
down
93%
drinks
93%
falling
93%
feeling's
93%
go
93%
I'm
93%
late
93%
love
93%
met
93%
night
93%
she's
93%
that
93%
we
93%
again
86%
Ah,
86%
born
86%
but
86%
dance,
86%
head
86%
Heard
86%
hotter
86%
light
86%
of
86%
Please
86%
red
86%
street,
86%
telling
86%
than
86%
things
86%
through
86%
was
86%
wild
86%
wildcard
86%
Cold
79%
couple
79%
downs
79%
enough
79%
enough,
79%
fever
79%
friend
79%
guts
79%
hand
79%
let
79%
like
79%
Oh,
79%
past
79%
rounds
79%
think
79%
buy
71%
close
71%
diva
71%
here
71%
hurt
71%
Just
71%
just
71%
makes
71%
shit,
71%
Shit,
71%
spent
71%
spilled
71%
Well
71%
grabbed
64%
headfirst
64%
I'll
64%
and
57%
And
57%
as
57%
can
57%
grapevine,
57%
intersection
57%
Minnesota,
57%
to
57%
Ankles
50%
dark
50%
days
50%
eyes
50%
flipping
50%
get
50%
glass
50%
it
50%
Lives
50%
open
50%
pages
50%
two-step
50%
while
50%
your
50%
for
43%
Getting
43%
give
43%
hit
43%
If
43%
keep
43%
lonely
43%
start
43%
crying
36%
loud
36%
mind
36%
see
36%
you're
36%
alive,
29%
bored
29%
starts
29%
trying
29%
changing
21%
Maybe
21%
No matching quizzes found
Score Distribution
Percent of People with Each Score
Percentile by Number Answered
Your Score History
You have not taken this quiz